The UNSCOM investigation of Iraq's biological warfare programme

Saved in:
Bibliographic Details
Main Author: Richard O. Spertzel
Format: Book
Published: SIPRI Publication
Tags: Add Tag
No Tags, Be the first to tag this record!
Call Number :

MARC

LEADER 00000pam a2200000 4500
001 20434
003 MY-KLNDU
005 20241218080428.0
020 0 0 |a 9780199218615 
035 |a 0000032281 
039 9 |a 200911181124  |b VLOAD  |y 200910091656  |z VLOAD 
100 1 0 |a Richard O. Spertzel 
245 1 4 |a The UNSCOM investigation of Iraq's biological warfare programme 
260 0 0 |a SIPRI Publication 
591 |a 0000002881  |b 04/08/08  |c 0200-07  |d 1  |e RM246  |f 1  |g 246  |h INTRABAKTI SD.BHD. 
999 |a vtls000030014  |c 20434  |d 20434